000
00348 a2200169 4500
001
186774
020
_a
85-356-0613-0
040
_c
Magnum
100
_a
Alves, Maria Helena Hees
240
1
0
_a
O faz tudo
_l
por
245
1
0
_a
O faz tudo
300
_a
14
362
0
_a
2001
440
1
_a
Paulinas
697
_a
LITERATURA INFANTO
942
_c
BK
999
_c
186774
_d
186774